| 000 | 00504nam a2200181Ia 4500 | ||
|---|---|---|---|
| 003 | OSt | ||
| 005 | 20260303103402.0 | ||
| 008 | 211028s2003 xx 000 0 und d | ||
| 040 | _cAIMIT LIBRARY | ||
| 041 | _aeng | ||
| 082 | _a006.671 REGJ | ||
| 100 |
_aRego, Jeevan Alexander;D Souza, Rio. _g92165 _92213 |
||
| 110 |
_aD Souza, Rio. _92214 |
||
| 245 | _aImplementation of velociQ java coding standards / | ||
| 260 |
_aBangalore _c2003 |
||
| 710 |
_aWipro Technologies Ltd _92215 |
||
| 942 |
_2ddc _cPRO |
||
| 999 |
_c216822 _d216822 |
||